000 01228 a2200205 4500
001 120577
020 _a9788510071567
040 _cEscola Canadense de Niteroi
090 _aSAR
100 _aSarmento, Maristela
245 1 0 _aO futuro alcançou a escola?: o aluno digital, a BNCC e o uso de metodologias ativas de aprendizagem
250 _a1. ed.
260 _aSão Paulo
362 0 _a2019
520 _aEm parceria com a Editora do Brasil, a ZOOM produziu o livro "O futuro alcançou a escola?: o aluno digital, a BNCC e o uso de metodologias ativas de aprendizagem.", com o objetivo de ampliar as reflexões sobre as novas práticas pedagógicas e sobre os rumos da educação no Brasil, que será lançado na Bett Educar. Sob a coordenação da Profª Drª Maristela Sarmento, pedagoga e gestora de projetos educacionais com foco em ciências e tecnologia, a obra traz artigos escritos por especialistas da área educacional com temas relevantes para as escolas – como a nova geração de alunos, a BNCC e as tecnologias educacionais – discutidos numa perspectiva de aproximação com as dinâmicas da sala de aula.
650 4 _aTecnologia
650 4 _aEducação
650 4 _aPedagogia
942 _cBK
999 _c120577
_d120577